000 00349 a2200157 4500
001 171086
020 _a
040 _cMagnum
100 _aCooper, James Fenimore
240 1 0 _aO ultimo dos moicanos/reencontro
_lpor
245 1 0 _aO ultimo dos moicanos/reencontro
362 0 _a1899
440 1 _aScipione
697 _aJ/FICCAO
942 _cBK
999 _c171086
_d171086